[Event "Salvador op"]
[Site "Salvador"]
[Date "2023.01.??"]
[Round "?"]
[White "Pinto, Jaime de Castilho F"]
[Black "De Souza, David Barroso"]
[Result "1-0"]
[WhiteElo "2001"]
[BlackElo "2001"]
[PlyCount "81"]
[EventDate "2023.01.12"]
[EventType "swiss"]
[EventRounds "7"]
[EventCountry "BRA"]
[SourceTitle "CBM 212 Extra"]
[Source "ChessBase"]
[SourceDate "2023.03.31"]
[SourceVersion "1"]
[SourceVersionDate "2023.03.31"]
[SourceQuality "1"]

1. d4 Nf6 2. e3 e6 3. Bd3 c5 4. c3 d5 5. Nd2 Bd6 6. f4 a6 7. Ngf3 Nbd7 8. 0-0 b5 9. Ne5 Bb7 10. Rf3 Ne4 11. Rh3 g6 12. Qf3 Ndf6 13. g4 Qc7 14. g5 Nxd2 15. Bxd2 Ne4 16. Bxe4 dxe4 17. Qe2 Rc8 18. Rc1 Qd8 19. Ng4 Be7 20. Rg3 cxd4 21. exd4 Qd5 22. Re3 Qxa2 23. Be1 Qc4 24. Qd2 Qd5 25. Nf2 Qf5 26. Rg3 Bd6 27. Rg4 Kf8 28. Qe3 Kg7 29. Bd2 h6 30. gxh6+ Rxh6 31. Rg5 Qf6 32. Ng4 Qe7 33. Nxh6 Kxh6 34. f5 Kg7 35. fxg6 fxg6 36. Qh3 Rh8 37. Rxg6+ Kxg6 38. Qxh8 e3 39. Bxe3 e5 40. Rf1 exd4 41. Qh6# 1-0

[Event "Manaus Amazonense Cup"]
[Site "Manaus"]
[Date "2022.12.04"]
[Round "4"]
[White "Pessoa, Hudson Anselmo"]
[Black "De Souza, David Barroso"]
[Result "1/2-1/2"]
[WhiteElo "1842"]
[BlackElo "1977"]
[PlyCount "66"]
[EventDate "2022.12.03"]
[EventType "swiss"]
[EventRounds "7"]
[EventCountry "BRA"]
[SourceTitle "EXT 2024"]
[Source "ChessBase"]
[SourceDate "2023.10.10"]
[SourceVersion "1"]
[SourceVersionDate "2023.10.10"]
[SourceQuality "1"]

1. d4 Nf6 2. c4 e6 3. Nf3 Bb4+ 4. Bd2 Qe7 5. Nc3 0-0 6. g3 Nc6 7. Bg2 d6 8. 0-0 Bxc3 9. Bxc3 Ne4 10. Qc2 Nxc3 11. bxc3 e5 12. e3 f5 13. Rfe1 a5 14. Nd2 e4 15. f3 exf3 16. Bxf3 Qf6 17. Rf1 Qh6 18. Rae1 Bd7 19. Bd5+ Kh8 20. Rf4 Rae8 21. Qd3 Ne7 22. Bg2 Ng6 23. Rf2 Re7 24. a3 Rfe8 25. Rfe2 a4 26. Nf1 Qh5 27. Nd2 f4 28. Bf3 Bg4 29. exf4 Rxe2 30. Rxe2 Rf8 31. Bxg4 Qxg4 32. Qf3 Qc8 33. Qe4 Qg4 1/2-1/2

[Event "Manaus Amazonia-ch"]
[Site "Manaus"]
[Date "2017.04.16"]
[Round "7"]
[White "De Souza, David Barroso"]
[Black "Veiga, Emerson de Sousa"]
[Result "0-1"]
[WhiteElo "2021"]
[BlackElo "2064"]
[PlyCount "62"]
[EventDate "2017.04.13"]
[EventType "swiss"]
[EventRounds "7"]
[EventCountry "BRA"]
[SourceTitle "CBM 177 Extra"]
[Source "ChessBase"]
[SourceDate "2017.04.27"]
[SourceVersion "1"]
[SourceVersionDate "2017.04.27"]
[SourceQuality "1"]

1. Nf3 Nf6 2. c4 e6 3. g3 b6 4. Bg2 Bb7 5. 0-0 c5 6. Nc3 d5 7. Ne5 Bd6 8. d4 cxd4 9. Qxd4 Bxe5 10. Qxe5 Nc6 11. Qg5 h6 12. Qh4 dxc4 13. Rd1 Qe7 14. Qxc4 0-0 15. Nb5 Na5 16. Qh4 Bxg2 17. Kxg2 Rfd8 18. Be3 Rxd1 19. Rxd1 Nc6 20. Rc1 Qd7 21. a4 Ne7 22. Rc7 Qd5+ 23. Kg1 Nf5 24. Qc4 Qd1+ 25. Kg2 Nxe3+ 26. fxe3 Nd5 27. Rc8+ Kh7 28. Kf2 Rxc8 29. Qxc8 Qh1 30. Qc2+ f5 31. Qd3 Nf6 0-1

[Event "Manaus Amazonia-ch"]
[Site "Manaus"]
[Date "2017.04.16"]
[Round "6"]
[White "Lima, Endson dos Santos"]
[Black "De Souza, David Barroso"]
[Result "0-1"]
[WhiteElo "2065"]
[BlackElo "2021"]
[PlyCount "88"]
[EventDate "2017.04.13"]
[EventType "swiss"]
[EventRounds "7"]
[EventCountry "BRA"]
[SourceTitle "CBM 177 Extra"]
[Source "ChessBase"]
[SourceDate "2017.04.27"]
[SourceVersion "1"]
[SourceVersionDate "2017.04.27"]
[SourceQuality "1"]

1. e4 c5 2. Nf3 d6 3. d4 cxd4 4. Nxd4 Nf6 5. Nc3 a6 6. Bg5 e6 7. f4 Be7 8. Qf3 Qc7 9. 0-0-0 Nbd7 10. g4 b5 11. Bxf6 Nxf6 12. g5 Nd7 13. f5 Ne5 14. Qh5 g6 15. fxg6 fxg6 16. Qh3 Bxg5+ 17. Kb1 Qe7 18. Qg3 0-0 19. h4 Bf4 20. Qg1 Bd7 21. Bh3 Nc4 22. h5 g5 23. Rd3 Ne5 24. Rd1 Nc4 25. Rd3 b4 26. Nce2 Nd2+ 27. Ka1 Nxe4 28. Nxf4 Rxf4 29. Ne2 Rf7 30. Rh2 Raf8 31. Rd1 Nf2 32. Rxf2 Rxf2 33. Nd4 h6 34. Qe1 e5 35. Bxd7 Qxd7 36. Nb3 Rf1 37. Qe2 Rxd1+ 38. Qxd1 Qb5 39. Nd2 Rf2 40. c4 bxc3 41. bxc3 Qd5 42. Qa4 Rxd2 43. Qe8+ Kg7 44. Qg6+ Kf8 0-1